000 00315nam a22001337a 4500
003 OSt
008 150215b xxu||||| |||| 00| 0 eng d
100 1 _aEngstrom, Victor E
020 _a0-934984-03-4
041 _aeng
050 0 0 _a79-90046
245 1 0 _aDanish West Indies Mails, 1754-1917 Volume 3
300 _a0 pages
999 _c995
_d995